LEADER 01810nam a2200337 u 4500 001 000000016515 003 CaOOAMICUS 005 20070226110012.0 008 941013s1985 be m u000 u lat u 020 $a2-503-30582-2 (broché) 020 $a2-503-30000-X (série) 035 $a10387148 040 $aEFR$bita 041 0 $alat$afre 245 00$aAdversus iudaeos /$cPetrus Venerabilis ; curante CETEDOC, Universitas Catholica Lovaniensis, Lovanii Novi. 260 $aTurnhout :$bBrepols,$c1985. 300 $a63 p. ;$c25 cm +$e6 microfiches (11 x 15 cm.) 490 1 $aCorpus Christianorum.$aContinuatio Mediaevalis ;$v58 490 1 $aInstrumenta lexicologica Latina.$aSeries A, Enumeratio formarum, concordantia formarum, index formarum a tergo ordinatarum ;$vfasc. 31 500 $aIntroduzione in francese. 600 04$aPetrus Venerabilis,$cabate di Cluny,$dc. 1092-1156.$tAdversus Iudaeorum inveteratam duritiem$9(Petrus Venerabilis, abate di Cluny, c. 1092-1156)$xConcordanze.$0(OLS)http://pul/subject/11743 710 2 $aCETEDOC.$0(OLS)http://pul/name/21 830 0$aInstrumenta lexicologica Latina.$nSeries A,$pEnumeratio formarum, concordantia formarum, index formarum a tergo ordinatarum ;$vfasc. 31.$0(OLS)http://pul/title/23 830 0$aCorpus Christianorum.$pContinuatio Mediaevalis ;$v58.$0(OLS)http://pul/title/6 850 $aPUL 852 $aPUL$W1$xSospeso Lavorazione$y8$m87577$j23246$nBK-PRI$b $qStampati$B23246$CPULBib$Z2$F23246 $HPUL87577 $81 941 1 $a8 996 $6020$a2-503-30582-2 (broché)$9(OLS)http://pul/number/21198 996 $6020$a2-503-30000-X (série)$9(OLS)http://pul/number/21199 996 $6245$aAdversus iudaeos$9(OLS)http://pul/title/23572 996 $6260$aTurnhout :$bBrepols$9(OLS)http://pul/publisher/47850 LEADER 01204nam a2200253 u 4500 001 000000108182 003 CaOOAMICUS 005 20071109162115.0 008 071109s1971 it u000 u ita u 040 $aPUL(R)$bita$dBc 245 03$aLa coscienza cristiana :$batti del convegno dei moralisti italiani (Pianezza, 21-24 febbraio, 1971) /$ca cura di Leandro Rossi. 260 $aBologna :$bEDB,$c1971. 300 $a226 p. ;$c19 cm. 490 1 $aStudi e ricerche 504 $aBibliografia in piè di pagina. 650 4$aMorale$xCongressi.$0(OLS)http://pul/subject/29182 700 1 $aRossi, Leandro.$0(OLS)http://pul/name/13397 711 2 $aConvegno dei moralisti italiani (:$d21-24 febbraio, 1971 :$cPianezza).$0(OLS)http://pul/name/66356 830 0$aStudi e ricerche (Dehoniane) ;$v9.$0(OLS)http://pul/title/118171 850 $aPUL 852 $aPUL$W1$xSL Religione 1$y3$m36 E 20$j123125$qStampati$B122101$CPULBib$Z2$F122101 $H71032 $82 941 1 $a8 996 $6245$aLa coscienza cristiana :$batti del convegno dei moralisti italiani (Pianezza, 21-24 febbraio, 1971)$9(OLS)http://pul/title/136156 996 $6260$aBologna :$bEDB$9(OLS)http://pul/publisher/56073